000 00999nam a2200277Ia 4500
003 OSt
005 20221005104600.0
006 a|||||r|||| 00| 0
007 ta
008 221004b |||||||| |||| 00| 0 urd d
020 _a9789350643150 (pbk)
_cINR 125.00
024 _a41514
037 _b284, 15/02/2019, Eastern Book Linkers
_cTextual
040 _aCRL
_cCRL
_burd
041 _2urd
_aurd
082 _aO168,1N13w, 152Q6
100 _aप्रकाश पंडित, संपा.
245 0 _aसरदार जाफरी
246 _aSaradār jāfarī
260 _aदिल्ली
_bराजपाल एन्ड सन्ज भारत
_c2016
300 _a127पृ0
_ccm.
650 _a उर्दू साहित्य
650 _aउर्दू कविता
942 _hO168,1N13w, 152Q6
_cTEXL
_2cc
999 _c1013157
_d1013157